| 000 | 00657nam a2200217Ia 4500 | ||
|---|---|---|---|
| 001 | 4207 | ||
| 003 | GE_BSU | ||
| 008 | 181216s||||||||xx |||||||||||||| ||und|| | ||
| 040 | _cGE_BSU | ||
| 080 | _a621.6.028 | ||
| 100 | _aЛавров,Н.В. Попов,В.М. | ||
| 245 | _aСжигание горючих газов в топочных устройствах. | ||
| 245 | _cРед. В.В.Мурзаков. | ||
| 260 | _aМ. | ||
| 260 | _bЭнергия. | ||
| 260 | _c1966. | ||
| 300 | _a272 стр. 20 см. | ||
| 300 | _eТабл. | ||
| 653 | _aСжигание горючих газов в топочных устройствах. | ||
| 942 | _cBK | ||
| 999 |
_c38217 _d38217 |
||